=LDR 00000nam 2200000 4500 =001 INLIS000000000052921 =005 20180315090527 =035 ##$$a 0010-0318000148 =007 ta =008 180315###########################0###### =020 ##$$a 979-736-709-6 =082 ##$$a 641.85 =084 ##$$a 641.85 WAR m =100 #$$a Warisno =245 1#$$a Membuat lanting aneka rasa /$c Warisno =260 ##$$a Semarang :$b Aneka Ilmu,$c 2007 =300 ##$$a 59 hlm : $b ilus ; $c 21 cm =650 ##$$a Makanan-bahan tertentu =504 ##$$a Bibliografi : hlm 55 =990 ##$$a 58335833 =990 ##$$a 58335833 =990 ##$$a 58335833 =990 ##$$a 58335833 =990 ##$$a 58335833 =990 ##$$a 21710786 =990 ##$$a 01201805833 =990 ##$$a 01201805834 =990 ##$$a 01201805835 =990 ##$$a 01201805836 =990 ##$$a 21710788 =990 ##$$a 01201805833 =990 ##$$a 01201805834 =990 ##$$a 01201805835 =990 ##$$a 21710786 =990 ##$$a 21710787 =990 ##$$a 01201805833 =990 ##$$a 01201805834 =990 ##$$a 01201805835 =990 ##$$a 21710786 =990 ##$$a 21710788 =990 ##$$a 01201805833 =990 ##$$a 01201805834 =990 ##$$a 21710787 =990 ##$$a 21710786 =990 ##$$a 21710789 =990 ##$$a 01201805833 =990 ##$$a 21710788 =990 ##$$a 21710787 =990 ##$$a 21710786 =990 ##$$a 21710790 =990 ##$$a 21710789 =990 ##$$a 21710788 =990 ##$$a 21710787 =990 ##$$a 21710786